MARC
| LEADER | 00000nam a2200000 4500 | ||
|---|---|---|---|
| 001 | CDOM0000002388 | ||
| 003 | mi | ||
| 005 | 20251010143802.0 | ||
| 008 | 251010b |||||||| |||| 00| 0 eng d | ||
| 040 | |c mi | ||
| 100 | |a Consoli, Massimo | ||
| 245 | 1 | |a Gay poetry / |c a cura di Massimo Consoli | |
| 260 | |a Roma |b [OMPO] |c 1980 | ||
| 300 | |a 42 p. ; |c 22 cm. | ||
| 490 | |a OMPO |v n. 63 (1980) | ||
| 500 | |a Numero monografico di OMPO. | ||
| 942 | |2 ddc |c BK | ||
| 952 | |0 0 |1 0 |2 ddc |4 0 |6 B_LPS01CONMAGAY11 |7 1 |9 5959 |a MI |b MI |d 2006-05-12 |i 571 |l 0 |o B-LPS01-CONMA-GAY11 |p CDOM571 |r 2025-07-13 16:28:00 |w 2025-07-13 |x DONO |y BK | ||
| 999 | |c 4760 |d 4760 | ||